00000000nam 2200000za 4500
0019.675580
003CaOODSP
00520250611103634
007cr |||||||||||
008150407|2011||||xxc|||||o    f|0| 0 jpn d
040 |aCaOODSP|bfre
043 |an-cn---
0861 |aA15-11508/2011Jpn-PDF|zA15-11508/2011J-PDF
1101 |aCanada. |bAgriculture et agroalimentaire Canada.
24510|a[Homard et crabe des neiges canadiens] : |h[ressource électronique]|b[toute la fraîcheur de l'océan].
250 |a[Édition japonais].
260 |aOttawa - Ontario : |bAgriculture et Agroalimentaire Canada |cc2011.
300 |a2p.|bphotographies
500 |aAussi publié en français sous le titre : Homard et crabe des neiges canadiens : toute la fraîcheur de l'océan.
546 |aTexte en japonais.
590 |a11-43|b2011-10-28
69107|aIndustrie agro-alimentaire|2gcpds
77508|tHomard et crabe des neiges canadiens : |w(CaOODSP)9.639278
791 |t[Canadian lobster and snow crab] : |eeng|w(CaOODSP)9.675579
85640|ahttp://publications.gc.ca|qPDF|s458 Ko|uhttps://publications.gc.ca/collections/collection_2011/agr/A15-11508-2011-jpn.pdf
986 |aAAFC No. 11508J